000 00810cam a22002773a 4500
001 16391282
003 LC
005 20160314135752.0
008 980401s1991 xxu 000 1 eng
010 _a 98811039
020 _a0425131319
035 _a(DLC) 98811039
040 _aDLC
_cDLC
_dDLC
050 0 0 _aPS 3566
_b.P238 1993
082 _aFIC
_bP22p 1991
100 1 _aParker, Robert B.,
_d1932-2010.
_920586
245 1 0 _aPerchance to dream
_cRobert B. Parker
260 _aNew York :
_bBerkley Books,
_cc1993.
300 _a277 p. :
_c17 cm.
650 _aFiction.
_9746
655 7 _aMystery fiction.
_2gsafd
_94089
710 2 _aCopyright Paperback Collection (Library of Congress)
_5DLC
_9705
906 _a7
_bcbc
_corignew
_d2
_encip
_f19
_gy-genrareb
942 _2lcc
_cBK
999 _c11552
_d11552